header

RNA interference (Record no. 132676)

MARC details
000 -LEADER
fixed length control field 01367nam a2200349Ia 4500
245 00 - TITLE STATEMENT
Title RNA interference
260 ## - PUBLICATION, DISTRIBUTION, ETC. (IMPRINT)
Place of publication Berlin :
Name of publisher Springer,
Year of publication c2008.
300 ## - PHYSICAL DESCRIPTION
Number of Pages viii, 273 p. :
Other physical details ill. (chiefly col.).
490 1# - SERIES STATEMENT
Series statement Current topics in microbiology and immunology ;
650 #0 - SUBJECT ADDED ENTRY--TOPICAL TERM
Topical Term Gene silencing.
Topical Term RNA.
700 1# - ADDED ENTRY--PERSONAL NAME
Personal name Vogt, P. K.
Personal name Paddison, Patrick J.
856 40 - ELECTRONIC LOCATION AND ACCESS
Uniform Resource Identifier http://site.ebrary.com/lib/rucke/Doc?id=10223228

No items available.

© 2026 Rongo University
Contact us: librarian | system librarian | Rongo university